[Event "Politiken Cup 2008"]
[Site "Helsingør DEN"]
[Date "2008.07.22"]
[Round "5.118"]
[White "Meier, Lars"]
[Black "Clausen, Hansjørgen"]
[Result "1-0"]
[WhiteElo "1844"]
[BlackElo "1617"]
[PlyCount "61"]
[EventDate "2008.07.20"]
[EventType "swiss"]
[EventRounds "9"]
[EventCountry "DEN"]
[Source "lmi"]
[SourceDate "2008.07.20"]
[WhiteTeam "SK Grundau"]
[BlackTeam "Gråsten"]

1. e4 b6 2. d4 Bb7 3. Nc3 e6 4. Bd3 d6 5. Nge2 Nf6 6. O-O Nbd7 7. f4 Be7 8. Be3
O-O 9. h3 e5 10. g4 exd4 11. Nxd4 Nc5 12. Qf3 Nxd3 13. cxd3 c5 14. Nf5 Re8 15.
g5 Nd7 16. Nb5 Nf8 17. Qg3 d5 18. e5 d4 19. Bd2 Qd7 20. Nbd6 Bxd6 21. Nxd6 Re7
22. f5 Qc6 23. f6 Rxe5 24. Nxb7 Re2 25. fxg7 Ne6 26. Nd6 Rxd2 27. Nxf7 Re2 28.
Rae1 Rxe1 29. Qxe1 Qd5 30. Rf5 Qxf5 31. Nh6+ 1-0

[Event "Politiken Cup 2008"]
[Site "Helsingør DEN"]
[Date "2008.07.22"]
[Round "5.119"]
[White "Ryberg, Denis"]
[Black "Angott, Juergen"]
[Result "1-0"]
[WhiteElo "1814"]
[BlackElo "1597"]
[PlyCount "131"]
[EventDate "2008.07.20"]
[EventType "swiss"]
[EventRounds "9"]
[EventCountry "DEN"]
[Source "lmi"]
[SourceDate "2008.07.20"]
[WhiteTeam "Taastrup"]
[BlackTeam "SC Grunbach"]

1. e4 c5 2. Nf3 e6 3. d4 cxd4 4. Nxd4 a6 5. Nc3 d6 6. Be3 b6 7. Be2 Bb7 8. f3
Qc7 9. O-O Nd7 10. Kh1 Ngf6 11. Qd2 Be7 12. Rad1 Rd8 13. Bd3 O-O 14. Qf2 d5 15.
exd5 Nxd5 16. Nxd5 exd5 17. b4 Ne5 18. Qg3 Bd6 19. Nf5 Ng6 20. Nxd6 Qxd6 21.
Qxd6 Rxd6 22. Rfe1 Rfd8 23. Bd4 Nf4 24. Re7 Bc8 25. Bf1 Ne6 26. Ra7 b5 27. Bf2
R8d7 28. Rxd7 Rxd7 29. g3 d4 30. f4 f5 31. Bg2 Rd6 32. c3 d3 33. Rd2 Kf7 34.
Kg1 g5 35. fxg5 Nxg5 36. Bd4 Ne4 37. Rxd3 Nxc3 38. Rxc3 Rxd4 39. Rxc8 Rd1+ 40.
Bf1 Rd2 41. a4 bxa4 42. Bxa6 a3 43. Bc4+ Kf6 44. Ra8 Rd4 45. Rxa3 Rxc4 46. Rb3
Rc7 47. b5 Ke5 48. b6 Rb7 49. Kf2 Kd4 50. Kf3 Kc4 51. Rb1 Kd5 52. Kf4 Ke6 53.
Rb5 h6 54. h3 h5 55. h4 Kd7 56. Kxf5 Kc6 57. Rb1 Rf7+ 58. Kg6 Rf8 59. b7 Rb8
60. Kxh5 Kc7 61. g4 Rh8+ 62. Kg5 Kb8 63. h5 Rg8+ 64. Kh4 Rd8 65. h6 Rd6 66. Kh5
1-0

[Event "Politiken Cup 2008"]
[Site "Helsingør DEN"]
[Date "2008.07.22"]
[Round "5.120"]
[White "Jessen, Ernst J"]
[Black "Torkilseng, Runar"]
[Result "1/2-1/2"]
[WhiteElo "1810"]
[BlackElo "1488"]
[PlyCount "51"]
[EventDate "2008.07.20"]
[EventType "swiss"]
[EventRounds "9"]
[EventCountry "DEN"]
[Source "lmi"]
[SourceDate "2008.07.20"]
[WhiteTeam "Gråsten"]
[BlackTeam "Direkt medlem"]

1. e4 e6 2. d4 d5 3. exd5 exd5 4. Nf3 Nf6 5. Bd3 Be7 6. O-O Bg4 7. h3 Bh5 8.
Bf4 O-O 9. Nbd2 Nc6 10. c3 Re8 11. Qc2 Bg6 12. Bxg6 hxg6 13. Rfe1 Bd6 14. Rxe8+
Nxe8 15. Bxd6 Qxd6 16. Re1 Rd8 17. Nf1 Nf6 18. Ng3 Re8 19. Rxe8+ Nxe8 20. Qe2
Nf6 21. Ne5 a6 22. Nxc6 Qxc6 23. Nf1 Qe8 24. Qxe8+ Nxe8 25. Ne3 Nf6 26. f3
1/2-1/2

[Event "Politiken Cup 2008"]
[Site "Helsingør DEN"]
[Date "2008.07.22"]
[Round "5.121"]
[White "Gill, Wiliam Desmond"]
[Black "Zmylon, Frederik Nielsen"]
[Result "1/2-1/2"]
[WhiteElo "1800"]
[BlackElo "1252"]
[PlyCount "58"]
[EventDate "2008.07.20"]
[EventType "swiss"]
[EventRounds "9"]
[EventCountry "DEN"]
[Source "lmi"]
[SourceDate "2008.07.20"]
[BlackTeam "Taastrup"]

1. Nf3 Nf6 2. c4 g6 3. Nc3 Bg7 4. d4 d5 5. Bg5 dxc4 6. e4 Bg4 7. Bxc4 Bxf3 8.
Qxf3 Qxd4 9. Bb3 O-O 10. O-O Nc6 11. Rad1 Qc5 12. Be3 Qb4 13. Qf4 e5 14. Qh4
Rfd8 15. Bg5 Rxd1 16. Rxd1 Nh5 17. Rd7 Rf8 18. h3 h6 19. Be3 Nf6 20. Rxc7 g5
21. Qg3 Ne8 22. Rc8 Nf6 23. Rxf8+ Kxf8 24. f3 Ke8 25. Qf2 Nd4 26. Nd5 Nxd5 27.
Bxd5 b6 28. a3 Qc5 29. Qd2 Qc2 1/2-1/2

[Event "Politiken Cup 2008"]
[Site "Helsingør DEN"]
[Date "2008.07.22"]
[Round "5.122"]
[White "Christensen, Casper"]
[Black "Johansen, Bjørn Berg"]
[Result "1-0"]
[WhiteElo "1795"]
[BlackElo "1290"]
[PlyCount "96"]
[EventDate "2008.07.20"]
[EventType "swiss"]
[EventRounds "9"]
[EventCountry "DEN"]
[Source "lmi"]
[SourceDate "2008.07.20"]
[WhiteTeam "Skovbo"]
[BlackTeam "Fredriksstad"]

1. e4 e5 2. Nf3 Nc6 3. Bb5 d6 4. d4 a6 5. Bxc6+ bxc6 6. dxe5 dxe5 7. Qxd8+ Kxd8
8. Nxe5 Be6 9. Nxc6+ Kc8 10. O-O Bd6 11. f4 Nf6 12. Nc3 Bc4 13. Rf3 Ng4 14. g3
Bc5+ 15. Kg2 f6 16. h3 Nh6 17. Be3 Bxe3 18. Rxe3 Nf7 19. Rd1 Re8 20. b3 Bb5 21.
Nd4 Bd7 22. Rde1 g5 23. f5 Ne5 24. Nd5 Rf8 25. Rc3 Ra7 26. Ne7+ Kd8 27. Nec6+
Nxc6 28. Nxc6+ Bxc6 29. Rxc6 Ke7 30. Rd1 Kf7 31. Rd7+ Kg8 32. Rcxc7 Rxc7 33.
Rxc7 Re8 34. Kf3 h5 35. g4 h4 36. c4 Rd8 37. Ke2 Rd4 38. Re7 Kf8 39. Re6 Kf7
40. c5 a5 41. c6 Rd8 42. a3 Rc8 43. Kd3 Rd8+ 44. Kc4 Rd1 45. Kb5 Rd3 46. b4
Rxa3 47. c7 Rc3 48. Rc6 axb4 1-0

[Event "Politiken Cup 2008"]
[Site "Helsingør DEN"]
[Date "2008.07.22"]
[Round "5.123"]
[White "Christiansen, Niels Jørgen"]
[Black "Asmund, Erik"]
[Result "0-1"]
[WhiteElo "1450"]
[BlackElo "1779"]
[PlyCount "70"]
[EventDate "2008.07.20"]
[EventType "swiss"]
[EventRounds "9"]
[EventCountry "DEN"]
[Source "lmi"]
[SourceDate "2008.07.20"]
[WhiteTeam "Helsinge"]
[BlackTeam "Gråsten"]

1. e4 c5 2. Nf3 Nc6 3. d4 cxd4 4. Nxd4 a6 5. Nc3 g6 6. Be3 Bg7 7. Qd2 e6 8.
O-O-O Nge7 9. f4 O-O 10. g4 Bxd4 11. Bxd4 Nxd4 12. Qxd4 Nc6 13. Qd6 b5 14. e5
Qe7 15. Ne4 Qxd6 16. Nf6+ Kg7 17. Rxd6 Nb4 18. Bg2 Ra7 19. a3 Nc6 20. Rhd1 Rc7
21. Nxd7 Bxd7 22. Rxd7 Rfc8 23. Rxc7 Rxc7 24. Bxc6 Rxc6 25. Rd6 Rxd6 26. exd6
Kf8 27. a4 Ke8 28. b4 Kd7 29. axb5 axb5 30. Kd2 Kxd6 31. Kd3 Kd5 32. c3 f6 33.
h3 g5 34. fxg5 fxg5 35. Kd2 Kc4 0-1

[Event "Politiken Cup 2008"]
[Site "Helsingør DEN"]
[Date "2008.07.22"]
[Round "5.124"]
[White "Larsen, Finn"]
[Black "Hagen, Thorolf"]
[Result "1/2-1/2"]
[WhiteElo "1776"]
[BlackElo "1130"]
[PlyCount "51"]
[EventDate "2008.07.20"]
[EventType "swiss"]
[EventRounds "9"]
[EventCountry "DEN"]
[Source "lmi"]
[SourceDate "2008.07.20"]
[WhiteTeam "Frederikssund"]
[BlackTeam "Kristiansand"]

1. e4 e5 2. Nf3 Nc6 3. Nc3 Nf6 4. d4 exd4 5. Nxd4 Bc5 6. Be3 Nxd4 7. Bxd4 Bxd4
8. Qxd4 O-O 9. Bd3 d6 10. O-O Be6 11. Rad1 a6 12. e5 dxe5 13. Qxe5 Qe7 14. a3
Rfe8 15. Rfe1 Rad8 16. h3 c6 17. Qg5 Nd5 18. Qd2 Nxc3 19. Qxc3 Qg5 20. Re3 Bd5
21. Rg3 Qe5 22. Qb4 Qe7 23. Qb6 Rd6 24. Qd4 Qf6 25. Re3 Rxe3 26. Qxe3 1/2-1/2

[Event "Politiken Cup 2008"]
[Site "Helsingør DEN"]
[Date "2008.07.22"]
[Round "5.125"]
[White "Hansen, Frank"]
[Black "Krueger, Bernhard"]
[Result "1-0"]
[WhiteElo "1400"]
[BlackElo "1761"]
[PlyCount "69"]
[EventDate "2008.07.20"]
[EventType "swiss"]
[EventRounds "9"]
[EventCountry "DEN"]
[Source "lmi"]
[SourceDate "2008.07.20"]
[WhiteTeam "Hvidovre"]
[BlackTeam "SC Grunbach"]

1. d4 Nf6 2. c4 e6 3. Nc3 Bb4 4. Qc2 b6 5. e4 Bb7 6. Bd3 Nc6 7. Nf3 h6 8. e5
Ng8 9. O-O Bxc3 10. Qxc3 d5 11. exd6 Nf6 12. d5 Qxd6 13. dxc6 Qxc6 14. Re1
O-O-O 15. Bf4 Kb8 16. a4 a5 17. h3 Rhe8 18. Bf1 Ne4 19. Ne5 Nxc3 20. Nxc6+ Bxc6
21. bxc3 g5 22. Bh2 f5 23. Be5 Rd2 24. c5 Kb7 25. Rab1 Bxa4 26. cxb6 cxb6 27.
Bb5 Bxb5 28. Rxb5 Rd5 29. c4 Rxb5 30. cxb5 h5 31. Rc1 Rc8 32. Rxc8 Kxc8 33. Kf1
a4 34. Ke2 Kd7 35. Kd3 1-0

[Event "Politiken Cup 2008"]
[Site "Helsingør DEN"]
[Date "2008.07.22"]
[Round "5.126"]
[White "Haubro, Martin"]
[Black "Botheim, Erik"]
[Result "1-0"]
[WhiteElo "1747"]
[BlackElo "1000"]
[PlyCount "55"]
[EventDate "2008.07.20"]
[EventType "swiss"]
[EventRounds "9"]
[EventCountry "DEN"]
[Source "lmi"]
[SourceDate "2008.07.20"]
[WhiteTeam "BMS"]
[BlackTeam "1911"]

1. e4 e6 2. d4 d5 3. exd5 exd5 4. Bd3 Nf6 5. Bg5 Be7 6. Nf3 O-O 7. O-O h6 8.
Bf4 c6 9. c3 Be6 10. Nbd2 Nbd7 11. Ne5 Nxe5 12. Bxe5 Nd7 13. Bg3 Bg5 14. f4 Be7
15. f5 Qb6 16. fxe6 fxe6 17. Qe2 Rxf1+ 18. Rxf1 Nf8 19. Nf3 c5 20. Bb1 cxd4 21.
Nxd4 Bc5 22. Qd3 Re8 23. Kh1 Bxd4 24. Qxd4 Qxb2 25. Be5 Qe2 26. Bd3 Qxa2 27.
Bxg7 Nd7 28. Qg4 1-0

[Event "Politiken Cup 2008"]
[Site "Helsingør DEN"]
[Date "2008.07.22"]
[Round "5.127"]
[White "Kobberberg, Steen"]
[Black "Suntharalingam, Jarani"]
[Result "1-0"]
[WhiteElo "1710"]
[BlackElo "1000"]
[PlyCount "97"]
[EventDate "2008.07.20"]
[EventType "swiss"]
[EventRounds "9"]
[EventCountry "DEN"]
[Source "lmi"]
[SourceDate "2008.07.20"]
[WhiteTeam "Frederiksværk"]
[BlackTeam "OSS"]

1. d4 d5 2. Nf3 Nf6 3. c3 Bf5 4. Bg5 e6 5. e3 Be7 6. Bxf6 Bxf6 7. h3 Nc6 8. Bd3
Be4 9. Bxe4 dxe4 10. Nfd2 Qd5 11. Qc2 Be7 12. Qxe4 Qxe4 13. Nxe4 f5 14. Ng3 g6
15. O-O O-O-O 16. a4 e5 17. Na3 exd4 18. exd4 Na5 19. b4 Nc6 20. Nc4 Bf6 21.
Ne2 g5 22. Rfe1 h5 23. Ng3 f4 24. Ne4 Rhf8 25. b5 Nb8 26. Nxf6 Rxf6 27. Re5 Rg8
28. Rae1 Rff8 29. h4 b6 30. Rxg5 Rxg5 31. hxg5 Rf5 32. Re5 Rxe5 33. Nxe5 Nd7
34. Ng6 Kd8 35. Nxf4 Ke7 36. Nxh5 Kf7 37. Nf4 Nf8 38. Nd5 Ne6 39. f4 Kg6 40. g4
Kf7 41. Kf2 Ke8 42. Ke3 Kd7 43. g6 Kd6 44. c4 Ng7 45. f5 Kd7 46. Ke4 Ne8 47. c5
Ng7 48. Ke5 Ne8 49. f6 1-0

[Event "Politiken Cup 2008"]
[Site "Helsingør DEN"]
[Date "2008.07.22"]
[Round "5.128"]
[White "Dam, Vagnur"]
[Black "Nielsen, Jimmy Oste"]
[Result "0-1"]
[WhiteElo "1396"]
[BlackElo "1705"]
[PlyCount "80"]
[EventDate "2008.07.20"]
[EventType "swiss"]
[EventRounds "9"]
[EventCountry "DEN"]
[Source "lmi"]
[SourceDate "2008.07.20"]
[WhiteTeam "Rokur"]
[BlackTeam "K41"]

1. d4 d5 2. Nf3 c6 3. Bf4 Nf6 4. e3 Bg4 5. Be2 e6 6. Nbd2 Be7 7. c3 O-O 8. O-O
Nbd7 9. Ne5 Bxe2 10. Qxe2 Re8 11. Rfe1 Nf8 12. Bg5 N6d7 13. Bxe7 Qxe7 14. Nxd7
Nxd7 15. e4 Qf8 16. f4 f5 17. e5 a6 18. Nf3 h6 19. Qd2 Qe7 20. a3 Kh7 21. h4 g6
22. Kf2 Rg8 23. Rh1 Kg7 24. a4 Kf7 25. Rh3 Rg7 26. Rg3 Rag8 27. Rh1 c5 28. b4
cxb4 29. cxb4 Nb6 30. a5 Nc4 31. Qc3 Rc8 32. Rc1 Qd7 33. Qd3 Qd8 34. Nd2 Qxh4
35. Kf3 g5 36. fxg5 hxg5 37. Nb3 g4+ 38. Kf2 f4 39. Nc5 Ne3 40. Nxb7 Qxg3+ 0-1

[Event "Politiken Cup 2008"]
[Site "Helsingør DEN"]
[Date "2008.07.22"]
[Round "5.129"]
[White "Pallesen, Jorn"]
[Black "Malou, Shervin-Leon"]
[Result "1-0"]
[WhiteElo "1696"]
[BlackElo "1344"]
[PlyCount "77"]
[EventDate "2008.07.20"]
[EventType "swiss"]
[EventRounds "9"]
[EventCountry "DEN"]
[Source "lmi"]
[SourceDate "2008.07.20"]
[WhiteTeam "Frem"]
[BlackTeam "Stavanger"]

1. e4 c5 2. Nf3 Nc6 3. Nc3 Nf6 4. d4 cxd4 5. Nxd4 e5 6. Ndb5 d6 7. f3 a6 8. Na3
Be6 9. Be3 Qa5 10. Qd2 Be7 11. Bd3 Nd7 12. O-O O-O 13. Qf2 Qd8 14. Nd5 Bxd5 15.
exd5 Nb4 16. Bc4 Nf6 17. Rad1 Rc8 18. c3 Rxc4 19. Nxc4 Nbxd5 20. Bg5 b5 21. Ne3
Nxe3 22. Bxe3 Qa5 23. a3 Qa4 24. Rfe1 Nh5 25. g3 f5 26. Qd2 f4 27. Qd5+ Rf7 28.
Bf2 fxg3 29. hxg3 Nf6 30. Qd3 Qb3 31. Rd2 Qe6 32. Kg2 g5 33. Rh1 e4 34. fxe4
Nxe4 35. Re2 d5 36. Rf1 Qf5 37. Re3 Nxf2 38. Qxf5 Rxf5 39. Rxe7 1-0

[Event "Politiken Cup 2008"]
[Site "Helsingør DEN"]
[Date "2008.07.22"]
[Round "5.130"]
[White "Mottang, Harald"]
[Black "Hansen, Anders"]
[Result "1-0"]
[WhiteElo "1323"]
[BlackElo "1682"]
[PlyCount "79"]
[EventDate "2008.07.20"]
[EventType "swiss"]
[EventRounds "9"]
[EventCountry "DEN"]
[Source "lmi"]
[SourceDate "2008.07.20"]
[BlackTeam "Harplinge"]

1. Nf3 e6 2. c4 c5 3. g3 Nf6 4. Bg2 Nc6 5. Nc3 Qc7 6. O-O a6 7. d4 cxd4 8. Nxd4
Nxd4 9. Qxd4 Bc5 10. Qd3 d6 11. Bg5 Bd7 12. a3 Ng4 13. b4 Ne5 14. Qe4 Bc6 15.
Nd5 exd5 16. cxd5 Ba7 17. dxc6 bxc6 18. Bf4 O-O 19. Bxe5 dxe5 20. Rac1 Bd4 21.
Rxc6 Qb8 22. Qc2 a5 23. e3 Bb6 24. Rc4 Ra7 25. b5 Rc7 26. Bc6 Rd8 27. Rh4 g6
28. Qe4 Re7 29. Qg4 Qd6 30. Qg5 f6 31. Qh6 Qxa3 32. e4 Rg7 33. Bd5+ Kh8 34. g4
Qc5 35. Rh3 Qxb5 36. Rf3 Qd7 37. Rxf6 Qxg4+ 38. Kh1 Qh5 39. Qxh5 gxh5 40. Rxb6
1-0

[Event "Politiken Cup 2008"]
[Site "Helsingør DEN"]
[Date "2008.07.22"]
[Round "5.131"]
[White "Bräuner, Benjamin"]
[Black "Nordin, Eric"]
[Result "0-1"]
[WhiteElo "1147"]
[BlackElo "1991"]
[PlyCount "74"]
[EventDate "2008.07.20"]
[EventType "swiss"]
[EventRounds "9"]
[EventCountry "DEN"]
[Source "lmi"]
[SourceDate "2008.07.20"]
[WhiteTeam "BMS"]
[BlackTeam "Åstorp"]

1. e4 d6 2. d4 Nf6 3. Nc3 g6 4. Be3 Bg7 5. Nf3 O-O 6. h3 Na6 7. Qd2 c5 8. Bd3
cxd4 9. Nxd4 Nc5 10. Bh6 Qb6 11. Bxg7 Kxg7 12. Nb3 Bd7 13. O-O Nxb3 14. axb3
Qd4 15. Qf4 Rfc8 16. Rad1 Nh5 17. Qh4 Qf6 18. Qxf6+ Nxf6 19. Rfe1 Bc6 20. e5
dxe5 21. Rxe5 e6 22. Bb5 a6 23. Ba4 b5 24. Bxb5 Bxb5 25. Rd4 Rab8 26. Rb4 Nd5
27. Nxd5 exd5 28. c3 a5 29. Rd4 Bc6 30. c4 dxc4 31. bxc4 a4 32. c5 Rxb2 33. Re1
a3 34. Ra1 a2 35. Rd3 Rb1+ 36. Rd1 Rxd1+ 37. Rxd1 Be4 0-1

[Event "Politiken Cup 2008"]
[Site "Helsingør DEN"]
[Date "2008.07.22"]
[Round "5.132"]
[White "Gade, Jens"]
[Black "Clausen, Jørgen"]
[Result "1/2-1/2"]
[WhiteElo "1514"]
[BlackElo "1630"]
[PlyCount "96"]
[EventDate "2008.07.20"]
[EventType "swiss"]
[EventRounds "9"]
[EventCountry "DEN"]
[Source "lmi"]
[SourceDate "2008.07.20"]
[WhiteTeam "Amager"]
[BlackTeam "Gråsten"]

1. f4 d5 2. Nf3 Nf6 3. e3 e6 4. Be2 Be7 5. b3 Nbd7 6. Bb2 b6 7. O-O Bb7 8. Ne5
O-O 9. c4 dxc4 10. Bxc4 Nxe5 11. fxe5 Nd5 12. Nc3 Nxc3 13. Bxc3 Bh4 14. Rf4 Bg5
15. Rd4 Qe7 16. Qh5 g6 17. Qh3 c5 18. Rg4 h5 19. Rg3 Bh4 20. Be2 Bxg3 21. Qxg3
Kh7 22. Rf1 Rfd8 23. Rf6 a6 24. Qg5 Qf8 25. Bxh5 gxh5 26. Qxh5+ Kg8 27. Rf4 Qg7
28. Rg4 Qxg4 29. Qxg4+ Kf8 30. Qg5 b5 31. b4 c4 32. a4 Ke8 33. Qf6 Be4 34. a5
Bg6 35. Bd4 Kd7 36. Bc5 Kc8 37. Qf3 Rd5 38. Bd4 Kc7 39. Qf6 Re8 40. h4 Rd7 41.
g4 Rg8 42. Kf2 Kc8 43. h5 Bd3 44. g5 Bf5 45. Kf3 Rdd8 46. e4 Rxd4 47. exf5 Rgd8
48. fxe6 Rd3+ 1/2-1/2

[Event "Politiken Cup 2008"]
[Site "Helsingør DEN"]
[Date "2008.07.22"]
[Round "5.133"]
[White "Kristensen, Steffen Michael"]
[Black "Knudsen, Joakim Holm"]
[Result "0-1"]
[WhiteElo "1238"]
[BlackElo "1606"]
[PlyCount "76"]
[EventDate "2008.07.20"]
[EventType "swiss"]
[EventRounds "9"]
[EventCountry "DEN"]
[Source "lmi"]
[SourceDate "2008.07.20"]
[WhiteTeam "Odysseus"]
[BlackTeam "Allerød"]

1. Nf3 Nf6 2. d4 d5 3. g3 Bf5 4. Bg2 e6 5. O-O Nbd7 6. Bg5 h6 7. Bxf6 Nxf6 8.
c4 c6 9. cxd5 cxd5 10. Qa4+ Qd7 11. Qxd7+ Nxd7 12. Nc3 a6 13. Rac1 Bd6 14. Rfe1
Ke7 15. e4 dxe4 16. Nxe4 Bxe4 17. Rxe4 Rac8 18. Ree1 Nf6 19. Rxc8 Rxc8 20. Nh4
Rc2 21. Nf5+ Kd7 22. Nxd6 Kxd6 23. Bxb7 Rxb2 24. Bxa6 Rxa2 25. Bc4 Rd2 26. Bb3
Ng4 27. Rf1 Rxd4 28. Ra1 Ke7 29. h3 Ne5 30. Kg2 Rd2 31. Ra7+ Kf6 32. Ra2 Rd3
33. Bc2 Rd4 34. Bb3 Rb4 35. Bc2 h5 36. Ra4 Rb2 37. Bd1 g6 38. Ra3 Rd2 0-1

[Event "Politiken Cup 2008"]
[Site "Helsingør DEN"]
[Date "2008.07.22"]
[Round "5.134"]
[White "Hildenstein, Bernd"]
[Black "Radovic, Slobodan"]
[Result "1-0"]
[WhiteElo "1856"]
[BlackElo "1439"]
[PlyCount "161"]
[EventDate "2008.07.20"]
[EventType "swiss"]
[EventRounds "9"]
[EventCountry "DEN"]
[Source "lmi"]
[SourceDate "2008.07.20"]
[WhiteTeam "SC Grunbach"]
[BlackTeam "Holbæk"]

1. e4 g6 2. d4 d6 3. Nf3 Bg7 4. Bc4 e6 5. O-O c6 6. Bg5 Qc7 7. Bb3 b5 8. c3 a5
9. Re1 Nd7 10. Nbd2 a4 11. Bc2 Nb6 12. a3 h6 13. Bh4 Bb7 14. Rc1 g5 15. Bg3 g4
16. Nh4 h5 17. Bd3 Nh6 18. f4 O-O 19. f5 e5 20. dxe5 dxe5 21. Qe2 Bf6 22. Qe3
Kh7 23. Bf2 Nd7 24. c4 b4 25. axb4 Rg8 26. b5 c5 27. Ra1 Bg5 28. Qe2 Nb6 29. g3
Bxh4 30. gxh4 f6 31. Nf1 Rac8 32. Ng3 Qf7 33. Qc2 Rgd8 34. b3 axb3 35. Qxb3 Ng8
36. Ra7 Rc7 37. Nf1 Ne7 38. Ne3 Nec8 39. Raa1 Nd6 40. Nd5 Nxd5 41. exd5 Qd7 42.
Qc2 Re8 43. Be4 Rcc8 44. Re3 Qc7 45. Rg3 Ra8 46. Rga3 Rxa3 47. Rxa3 Ra8 48.
Rxa8 Bxa8 49. Qd3 Qa7 50. Kg2 Qa2 51. Kg3 Qxc4 52. Qxc4 Nxc4 53. d6 Nxd6 54.
Bxa8 Nxb5 55. Bxc5 Kg7 56. Bc6 Nc3 57. Kf2 Nd1+ 58. Ke2 Nb2 59. Be8 Nd3 60.
Bxh5 e4 61. Bxg4 Ne5 62. h3 Kf7 63. Ke3 Nd7 64. Bb4 Kg7 65. Kxe4 Ne5 66. Bc3
Nf7 67. Kd5 Nh6 68. Ke6 Ng8 69. Bd2 Kf8 70. h5 Kg7 71. h6+ Kh7 72. Bh5 Kh8 73.
Bf7 Nxh6 74. Bxh6 Kh7 75. Bc1 Kg7 76. Bb2 Kf8 77. Bh5 Kg8 78. Kxf6 Kf8 79. Ke6
Kg8 80. f6 Kf8 81. Ba3+ 1-0

[Event "Politiken Cup 2008"]
[Site "Helsingør DEN"]
[Date "2008.07.22"]
[Round "5.135"]
[White "Lindgaard, Jørn"]
[Black "Hein, Jacob"]
[Result "0-1"]
[WhiteElo "1337"]
[BlackElo "1603"]
[PlyCount "78"]
[EventDate "2008.07.20"]
[EventType "swiss"]
[EventRounds "9"]
[EventCountry "DEN"]
[Source "lmi"]
[SourceDate "2008.07.20"]
[WhiteTeam "Taastrup"]
[BlackTeam "Espergærde"]

1. e4 e5 2. Nf3 Nc6 3. Bc4 Nf6 4. Ng5 d5 5. exd5 Na5 6. Bb5+ c6 7. dxc6 bxc6 8.
Qf3 Bb7 9. Ba4 Bd6 10. O-O O-O 11. d3 c5 12. Ne4 Nxe4 13. dxe4 f5 14. Nc3 fxe4
15. Qg4 Qf6 16. Nxe4 Bxe4 17. Qxe4 Kh8 18. c3 Rad8 19. b4 cxb4 20. cxb4 Nb7 21.
Qxb7 e4 22. Rb1 Rf7 23. Qxe4 Bc7 24. Bc2 Qg6 25. Qc4 Qd6 26. g3 Qf8 27. Qh4 h6
28. Bb2 Rd6 29. b5 Bb6 30. Rbd1 Rxf2 31. Bd4 Rxd4 32. Rxd4 Rxf1+ 33. Kg2 Qf2+
34. Kh3 Qxd4 35. Qe7 Bc5 36. Qe8+ Rf8 37. Qg6 Qd7+ 38. g4 Rf3+ 39. Kh4 Be7+ 0-1

[Event "Politiken Cup 2008"]
[Site "Helsingør DEN"]
[Date "2008.07.22"]
[Round "5.136"]
[White "Edvardsson, Hannu Kalero"]
[Black "Bendixen, Daniel"]
[Result "0-1"]
[WhiteElo "1300"]
[BlackElo "1523"]
[PlyCount "99"]
[EventDate "2008.07.20"]
[EventType "swiss"]
[EventRounds "9"]
[EventCountry "DEN"]
[Source "lmi"]
[SourceDate "2008.07.20"]
[BlackTeam "Holbæk"]

1. e4 e5 2. Nf3 Nc6 3. c4 Bc5 4. Be2 Nf6 5. d3 h6 6. Nc3 d6 7. Na4 Bb4+ 8. Bd2
Bxd2+ 9. Qxd2 O-O 10. O-O Ne7 11. Nc3 Ng6 12. g3 c6 13. Rfd1 c5 14. Nd5 Nxd5
15. cxd5 f5 16. exf5 Bxf5 17. h4 Ne7 18. Nh2 Nxd5 19. Bg4 Qd7 20. Bxf5 Rxf5 21.
Rf1 Raf8 22. Qe2 Qf7 23. Ng4 Qh5 24. Qe4 Qf7 25. Ne3 Nxe3 26. Qxe3 Qd5 27. Qe4
Qxe4 28. dxe4 Rf3 29. Rad1 R8f6 30. Rd5 Kf7 31. Rd2 Ke6 32. Rfd1 Ke7 33. Kg2 a5
34. Rxd6 Rxd6 35. Rxd6 Kxd6 36. Kxf3 g5 37. hxg5 hxg5 38. Kg4 b5 39. Kxg5 c4
40. Kf5 b4 41. g4 c3 42. bxc3 bxc3 43. g5 c2 44. g6 c1=Q 45. g7 Qc8+ 46. Kf6
Qg8 47. a4 Kd7 48. Kg6 Ke6 49. f3 Ke7 50. Kh6 0-1

[Event "Politiken Cup 2008"]
[Site "Helsingør DEN"]
[Date "2008.07.22"]
[Round "5.137"]
[White "Madsen, Dennis"]
[Black "Arup, Niels"]
[Result "1-0"]
[WhiteElo "1518"]
[BlackElo "1220"]
[PlyCount "45"]
[EventDate "2008.07.20"]
[EventType "swiss"]
[EventRounds "9"]
[EventCountry "DEN"]
[Source "lmi"]
[SourceDate "2008.07.20"]
[WhiteTeam "Helsingør"]
[BlackTeam "BMS"]

1. d4 f5 2. Nf3 Nf6 3. Bg5 e6 4. e3 Be7 5. Bc4 O-O 6. Nc3 Kh8 7. h4 d6 8. Qd3
Nc6 9. a3 Qe8 10. O-O-O a6 11. e4 b5 12. Ba2 b4 13. Ne2 bxa3 14. Bxf6 axb2+ 15.
Kb1 Bxf6 16. Ng5 Nb4 17. Qb3 Nxa2 18. Qxa2 Bxg5 19. hxg5 fxe4 20. Rh4 Rxf2 21.
Nf4 e5 22. Rxh7+ Kxh7 23. Rh1+ 1-0

[Event "Politiken Cup 2008"]
[Site "Helsingør DEN"]
[Date "2008.07.22"]
[Round "5.138"]
[White "Mølvig, Julius"]
[Black "Meldal, Peter"]
[Result "1/2-1/2"]
[WhiteElo "1203"]
[BlackElo "1373"]
[PlyCount "93"]
[EventDate "2008.07.20"]
[EventType "swiss"]
[EventRounds "9"]
[EventCountry "DEN"]
[Source "lmi"]
[SourceDate "2008.07.20"]
[WhiteTeam "Skovbo"]
[BlackTeam "Taastrup"]

1. d4 d5 2. c4 c6 3. Nc3 Nf6 4. Nf3 Bf5 5. e3 e6 6. Bd3 Bxd3 7. Qxd3 Nbd7 8.
O-O Bd6 9. c5 Be7 10. Bd2 O-O 11. Rfd1 b6 12. b4 Rc8 13. Rab1 b5 14. Ne5 Qc7
15. Nxd7 Qxd7 16. f3 Qc7 17. Be1 a5 18. Bg3 Qa7 19. a4 axb4 20. Rxb4 bxa4 21.
Rxa4 Qd7 22. e4 Nh5 23. Bf2 dxe4 24. fxe4 f5 25. d5 cxd5 26. exd5 Nf4 27. Rxf4
Bxc5 28. Bxc5 Rxc5 29. dxe6 Qxe6 30. Rd4 Re5 31. Qc4 Qxc4 32. Rxc4 f4 33. Rf1
g5 34. h3 h5 35. Kh2 Ref5 36. Ne4 g4 37. hxg4 hxg4 38. Nd6 R5f6 39. Nb7 f3 40.
gxf3 gxf3 41. Rg1+ Kf7 42. Rc7+ Ke6 43. Re1+ Kf5 44. Rf1 Rh8+ 45. Kg1 Rg6+ 46.
Kf2 Ke4 47. Rc4+ 1/2-1/2

[Event "Politiken Cup 2008"]
[Site "Helsingør DEN"]
[Date "2008.07.22"]
[Round "6.7"]
[White "Jepson, Christian"]
[Black "Socko, Bartosz"]
[Result "1/2-1/2"]
[WhiteElo "2358"]
[BlackElo "2628"]
[PlyCount "68"]
[EventDate "2008.07.20"]
[EventType "swiss"]
[EventRounds "9"]
[EventCountry "DEN"]
[Source "lmi"]
[SourceDate "2008.07.20"]
[WhiteTeam "Limhamn"]

1. c4 e5 2. g3 Nf6 3. Bg2 d5 4. cxd5 Nxd5 5. Nf3 Nc6 6. O-O Be7 7. d4 exd4 8.
Nxd4 Nxd4 9. Qxd4 Nf6 10. Qxd8+ Bxd8 11. Na3 c6 12. Nc4 Bc7 13. Bd2 Be6 14.
Rac1 O-O-O 15. Be3 Kb8 16. a4 Nd5 17. Bc5 b6 18. Ba3 c5 19. Bf3 Rd7 20. b3 Rhd8
21. h4 f6 22. Rc2 Ne7 23. Rcc1 Nf5 24. Bc6 Re7 25. e3 Rd3 26. Bb2 Rxb3 27. Ba1
Bd7 28. Nd2 Ra3 29. Bb5 Bxb5 30. axb5 Nd6 31. Rb1 Ra5 32. Rfc1 Rxb5 33. Nb3 Re4
34. Bc3 Rc4 1/2-1/2

[Event "Politiken Cup 2008"]
[Site "Helsingør DEN"]
[Date "2008.07.22"]
[Round "6.8"]
[White "Landa, Konstantin"]
[Black "Tania, Sachdev"]
[Result "1-0"]
[WhiteElo "2615"]
[BlackElo "2432"]
[PlyCount "63"]
[EventDate "2008.07.20"]
[EventType "swiss"]
[EventRounds "9"]
[EventCountry "DEN"]
[Source "lmi"]
[SourceDate "2008.07.20"]

1. e4 e5 2. Nf3 Nc6 3. Bb5 a6 4. Ba4 Nf6 5. O-O Bc5 6. c3 b5 7. Bb3 d6 8. d4
Bb6 9. a4 Bg4 10. Bg5 Rb8 11. axb5 axb5 12. Qd3 Bxf3 13. Bd5 Ne7 14. Bxf6 Bxe4
15. Bxe4 gxf6 16. Qf3 Ng6 17. Na3 Nf4 18. g3 Nh3+ 19. Kg2 Ng5 20. Bc6+ Kf8 21.
Qh5 Rg8 22. Nc2 Rg7 23. Ne3 Kg8 24. Nf5 Rg6 25. d5 Ne4 26. Qe2 Nc5 27. h4 Kh8
28. Ra3 Rg8 29. Rfa1 Rf8 30. Ra8 Na4 31. Rxb8 Qxb8 32. Qxb5 1-0